| 000 | 01208nam a22003497a 4500 | ||
|---|---|---|---|
| 001 | 257 | ||
| 003 | FISKH | ||
| 005 | 20231019101234.0 | ||
| 008 | 230313b cb ||||| |||| 00| 0 eng d | ||
| 020 | _a9780590687270 | ||
| 040 |
_aDLC _cDLC _dDLC _dFISKH _beng |
||
| 042 | _alcac | ||
| 050 | 0 | 0 |
_aPZ7.C5792 _bDe 1983 |
| 082 | 0 | 0 |
_a813.54 _219 |
| 100 | 1 | _aCleary, Beverly. | |
| 245 | 1 | 0 |
_aDear Mr. Henshaw / _cBeverly Cleary ; illustrated by Paul O. Zelinsky. |
| 260 |
_aNew York : _bScholastic, _c1983. |
||
| 300 |
_a134 pages : _billustrations ; _c20 cm. |
||
| 505 | _aZ | ||
| 520 | _aIn his letters to his favorite author, ten-year-old Leigh reveals his problems in coping with his parents' divorce, being the new boy in school, and generally finding his own place in the world. | ||
| 521 | 8 |
_a910
_bLexile |
|
| 521 | 8 |
_aZ
_bRaz-Plus |
|
| 650 | 1 |
_aDivorce _xFiction. |
|
| 650 | 1 |
_aParent and child _xFiction. |
|
| 650 | 1 |
_aSchools _xFiction. |
|
| 650 | 1 |
_aLetters _xFiction. |
|
| 653 | 0 | _aImprints 20th century 1983 | |
| 655 | 7 |
_aJuvenile literature _y1983. _2rbgenr |
|
| 700 | 1 |
_aZelinsky, Paul O., _eillustrator |
|
| 906 |
_a7 _bcbc _corignew _d1 _eocip _f19 _gy-gencatlg |
||
| 942 |
_2ddc _cBK _n0 |
||
| 999 |
_c257 _d257 |
||